Les parisiens qui ont remporté la Ligue des Champions - Statistiques

Statistiques générales
  • Ce quiz a été pris 60 fois
  • Le résultat moyen est 20 sur 23
Statistiques - réponses
Poste Nom % Correct
Attaquant Ousmane Dembélé
98%
Défenseur Willian Pacho
98%
Défenseur Achraf Hakimi
96%
Attaquant Bradley Barcola
96%
Coach Luis Enrique
96%
Attaquant Désiré Doué
94%
Milieu de terrain João Neves
94%
Défenseur Nuno Mendes
94%
Milieu de terrain Fabian Ruiz
92%
Gardien Gianluigi Donnarumma
90%
Défenseur Marquinhos
90%
Gardien Matvey Safonov
90%
Milieu de terrain Vitinha
90%
Attaquant Gonçalo Ramos
88%
Défenseur Presnel Kimpembe
88%
Milieu de terrain Senny Mayulu
88%
Milieu de terrain Warren Zaïre-Emery
88%
Défenseur Lucas Hernandez
86%
Attaquant Khvicha Kvaratskhelia
84%
Gardien Arnau Tenas
76%
Milieu de terrain Lee Kang-in
75%
Défenseur Lucas Beraldo
67%
Attaquant Ibrahim Mbaye
63%
Aucun quiz correspondant
Distribution des résultats
% des personnes avec chaque résultat
Percentile par nombre de réponses
Votre historique - résultats
Vous n’avez pas pris ce quiz